| 000 | 00911nam a2200241 i 4500 | ||
|---|---|---|---|
| 001 | 187186 | ||
| 003 | ES-MaACL | ||
| 005 | 20230906222833.0 | ||
| 007 | t| | ||
| 008 | 170428s1909 sp |||| | spa d | ||
| 080 | _a94(460)".../0414" | ||
| 080 | _a94(460)"0414/1474" | ||
| 100 | 1 |
_aAltamira, Rafael, _d1866-1951 _920515 |
|
| 245 | 1 | 0 |
_aHistoria de España y de la civilización española. _nI / _cpor Rafael Altamira y Crevea ; ilustrado con 128 fotograbados. |
| 250 | _a2ª ed., corr. y aum. | ||
| 260 |
_aBarcelona : _bHerederos de Juan Gili, _c1909. |
||
| 300 |
_a1 v. (659 p. : _bil.) ; _c19 cm. |
||
| 505 | 8 | _aContiene: tomo I | |
| 651 | 4 |
_aEspaña- _xHistoria- _yHasta 414. _9148016 |
|
| 651 | 4 |
_aEspaña- _xHistoria- _y0414-1474, Edad media. _98214 |
|
| 852 |
_aES-MaACL _jL-31520 _z- enc. cart. _z. - Donat. herederos de la bibl. de Mª del Pilar Costa Palacín |
||
| 999 |
_c187186 _d187186 |
||